[Event "Trujillo Interclubes"]
[Site "Trujillo"]
[Date "2016.07.09"]
[Round "1"]
[White "Celis Sanchez, Carlos"]
[Black "Nunez Marquina, Nataly Massiel"]
[Result "1-0"]
[WhiteElo "2067"]
[BlackElo "1980"]
[PlyCount "55"]
[EventDate "2016.07.09"]
[EventType "team-swiss"]
[EventRounds "6"]
[EventCountry "PER"]
[SourceTitle "EXT 2018"]
[Source "ChessBase"]
[SourceDate "2017.10.13"]
[SourceVersion "1"]
[SourceVersionDate "2017.10.13"]
[SourceQuality "1"]

1. e4 c5 2. Nf3 e6 3. d4 cxd4 4. Nxd4 a6 5. Nc3 Qc7 6. Be2 Nf6 7. 0-0 d6 8. f4 b5 9. e5 Nfd7 10. f5 Nxe5 11. fxe6 fxe6 12. Ne4 Be7 13. Be3 Nbc6 14. Bxb5 Rb8 15. Bxc6+ Nxc6 16. Ng5 Nxd4 17. Bxd4 e5 18. Bc3 g6 19. Ne4 Rf8 20. Rxf8+ Bxf8 21. Qd5 Bf5 22. Rf1 Rb5 23. Qg8 Qg7 24. a4 Rb8 25. Qd5 Rc8 26. Bb4 Rxc2 27. Nxd6+ Kd8 28. Nxf5+ 1-0

[Event "PER-ch"]
[Site "Lima"]
[Date "2015.05.01"]
[Round "4"]
[White "Celis Sanchez, Carlos"]
[Black "Martinez Alcantara, Jose Eduardo"]
[Result "1/2-1/2"]
[WhiteElo "2070"]
[BlackElo "2458"]
[PlyCount "66"]
[EventDate "2015.04.30"]
[EventType "swiss"]
[EventRounds "8"]
[EventCountry "PER"]
[SourceTitle "CBM 166 Extra"]
[Source "ChessBase"]
[SourceDate "2015.06.18"]
[SourceVersion "1"]
[SourceVersionDate "2015.06.18"]
[SourceQuality "1"]

1. e4 c5 2. Nf3 d6 3. Bb5+ Nd7 4. d4 cxd4 5. Qxd4 a6 6. Bxd7+ Bxd7 7. Nc3 e5 8. Qd3 h6 9. Be3 Nf6 10. a4 Be7 11. Nd2 Bc6 12. Nc4 d5 13. Nxe5 dxe4 14. Qc4 Bd5 15. Nxd5 Qxd5 16. Qxd5 Nxd5 17. Bd2 Rc8 18. c3 Bd6 19. Ng4 f5 20. Ne3 Ne7 21. 0-0 0-0 22. Nc2 Nc6 23. Rfd1 Bc7 24. Be3 Ne5 25. Nb4 Rf7 26. Bd4 Nc4 27. b3 Na5 28. Rab1 Rd7 29. g3 Rcd8 30. Re1 Nc6 31. Nxc6 bxc6 32. b4 Rd5 33. Kg2 Be5 1/2-1/2

[Event "Lima GP IRT op"]
[Site "Lima"]
[Date "2013.??.??"]
[Round "4"]
[White "Celis Sanchez, Carlos"]
[Black "Cuellar, Diego"]
[Result "1/2-1/2"]
[WhiteElo "2120"]
[BlackElo "2350"]
[PlyCount "39"]
[EventDate "2013.08.21"]
[EventType "swiss"]
[EventRounds "9"]
[EventCountry "PER"]
[SourceTitle "CBM 156 Extra"]
[Source "ChessBase"]
[SourceDate "2013.10.22"]
[SourceVersion "1"]
[SourceVersionDate "2013.10.22"]
[SourceQuality "1"]

1. e4 e5 2. Nf3 Nc6 3. Bb5 a6 4. Bxc6 dxc6 5. 0-0 Ne7 6. Nxe5 Qd4 7. Nf3 Qxe4 8. Nc3 Qg6 9. Ne5 Qd6 10. Re1 Be6 11. d4 0-0-0 12. Ne4 Qxd4 13. Qxd4 Rxd4 14. Ng5 Bf5 15. Ngxf7 Rg8 16. Be3 Re4 17. Rad1 Nd5 18. c4 Bb4 19. cxd5 Bxe1 20. Rxe1 1/2-1/2

[Event "Lima GP IRT op"]
[Site "Lima"]
[Date "2013.??.??"]
[Round "6"]
[White "Celis Sanchez, Carlos"]
[Black "Marcelo, Christopher"]
[Result "1-0"]
[WhiteElo "2120"]
[BlackElo "1965"]
[PlyCount "85"]
[EventDate "2013.08.21"]
[EventType "swiss"]
[EventRounds "9"]
[EventCountry "PER"]
[SourceTitle "CBM 156 Extra"]
[Source "ChessBase"]
[SourceDate "2013.10.22"]
[SourceVersion "1"]
[SourceVersionDate "2013.10.22"]
[SourceQuality "1"]

1. f4 e5 2. e4 exf4 3. Nf3 d5 4. exd5 Nf6 5. Bb5+ Nbd7 6. c4 Bd6 7. Qe2+ Kf8 8. d4 a6 9. Bxd7 Bb4+ 10. Nc3 Bxd7 11. Bxf4 b5 12. Ne5 Kg8 13. 0-0 bxc4 14. Bg5 Be7 15. Qxc4 Be8 16. Bxf6 Bxf6 17. Rf2 h5 18. Ne4 Rh6 19. a4 a5 20. Nxf6+ gxf6 21. Nd3 Rb8 22. Rc1 Rb7 23. Re1 Rb6 24. Rfe2 Bd7 25. Nc5 Rb4 26. Qc3 Rg6 27. b3 Kg7 28. Nd3 Rb6 29. Nf4 Rg5 30. Re3 h4 31. Qxa5 Rg4 32. Rf1 f5 33. Qc5 Rd6 34. h3 Rg5 35. Rc1 Qf6 36. Re5 c6 37. Rc2 Kh7 38. Ne6 Bxe6 39. Qxd6 cxd5 40. Rf2 Qg6 41. Ree2 Rg3 42. Qf4 Rxb3 43. Qxh4+ 1-0

[Event "Piura op"]
[Site "Piura"]
[Date "2013.??.??"]
[Round "6"]
[White "Celis Sanchez, Carlos"]
[Black "Sanchez Zambrano, Vanessa"]
[Result "1-0"]
[WhiteElo "2120"]
[BlackElo "1941"]
[PlyCount "45"]
[EventDate "2013.08.12"]
[EventType "swiss"]
[EventRounds "8"]
[EventCountry "PER"]
[SourceTitle "CBM 155 Extra"]
[Source "ChessBase"]
[SourceDate "2013.08.26"]
[SourceVersion "1"]
[SourceVersionDate "2013.08.26"]
[SourceQuality "1"]

1. f4 c5 2. Nf3 Nc6 3. e3 Nf6 4. b3 g6 5. Bb2 Bg7 6. Bb5 Qc7 7. 0-0 d6 8. c4 0-0 9. Bxc6 Qxc6 10. Nc3 b6 11. d4 Bf5 12. h3 Be4 13. d5 Qd7 14. Ng5 h6 15. Ncxe4 hxg5 16. Nxg5 e6 17. dxe6 fxe6 18. Qd3 Qe8 19. Rae1 Rd8 20. e4 Nh5 21. Bxg7 Nxg7 22. Qg3 Qe7 23. f5 1-0

[Event "Piura op"]
[Site "Piura"]
[Date "2013.??.??"]
[Round "4"]
[White "Celis Sanchez, Carlos"]
[Black "Tito, Eduardo"]
[Result "1-0"]
[WhiteElo "2120"]
[BlackElo "1723"]
[PlyCount "81"]
[EventDate "2013.08.12"]
[EventType "swiss"]
[EventRounds "8"]
[EventCountry "PER"]
[SourceTitle "CBM 155 Extra"]
[Source "ChessBase"]
[SourceDate "2013.08.26"]
[SourceVersion "1"]
[SourceVersionDate "2013.08.26"]
[SourceQuality "1"]

1. e4 d5 2. exd5 Qxd5 3. Nc3 Qa5 4. d4 c6 5. Nf3 Nf6 6. Bc4 Bf5 7. Ne5 e6 8. 0-0 Nbd7 9. Re1 Bb4 10. Bd2 0-0 11. Nxd7 Nxd7 12. a3 Bxc3 13. Bxc3 Qc7 14. Bd3 Rfe8 15. Bxf5 exf5 16. Qf3 g6 17. d5 Ne5 18. Qf4 f6 19. dxc6 Qxc6 20. Rad1 Re6 21. Qd4 a6 22. f4 Ng4 23. h3 Nh6 24. Rxe6 Qxe6 25. Qxf6 Qxf6 26. Bxf6 Rf8 27. Be7 Rc8 28. c3 Kf7 29. Rd7 Ke6 30. Rxb7 Ng8 31. Bb4 Kd5 32. Rxh7 Nf6 33. Rg7 Nh5 34. Rxg6 Nxf4 35. Rg5 Ke4 36. Bd6 Nd3 37. h4 Nxb2 38. h5 Rxc3 39. h6 Nc4 40. h7 Nxd6 41. h8Q 1-0

[Event "Piura op"]
[Site "Piura"]
[Date "2013.??.??"]
[Round "2"]
[White "Celis Sanchez, Carlos"]
[Black "Zata Gonzales, Daniel"]
[Result "1-0"]
[WhiteElo "2120"]
[BlackElo "1831"]
[PlyCount "26"]
[EventDate "2013.08.12"]
[EventType "swiss"]
[EventRounds "8"]
[EventCountry "PER"]
[SourceTitle "CBM 155 Extra"]
[Source "ChessBase"]
[SourceDate "2013.08.26"]
[SourceVersion "1"]
[SourceVersionDate "2013.08.26"]
[SourceQuality "1"]

1. e4 d5 2. exd5 Qxd5 3. Nc3 Qd6 4. Nf3 Nf6 5. d4 c6 6. Ne5 Nbd7 7. Nc4 Qc7 8. a4 g6 9. Qf3 Nb6 10. Ne4 Be6 11. Bf4 Qd8 12. a5 Nbd5 13. a6 Qb6 1-0

[Event "Callao op"]
[Site "Callao"]
[Date "2007.08.13"]
[Round "8"]
[White "Celis Sanchez, Carlos"]
[Black "Fernandez, Daniel"]
[Result "0-1"]
[WhiteElo "2244"]
[BlackElo "2447"]
[PlyCount "132"]
[EventDate "2007.08.08"]
[EventType "swiss"]
[EventRounds "9"]
[EventCountry "PER"]
[SourceTitle "CBM 119 Extra"]
[Source "ChessBase"]
[SourceDate "2007.09.04"]
[SourceVersion "1"]
[SourceVersionDate "2007.09.04"]
[SourceQuality "1"]

1. e4 c5 2. Nf3 d6 3. d4 cxd4 4. Nxd4 Nf6 5. Nc3 g6 6. Be3 Bg7 7. Qd2 Nc6 8. f3 0-0 9. g4 Nxd4 10. Bxd4 Be6 11. h4 Qa5 12. h5 Rfc8 13. hxg6 hxg6 14. g5 Nh5 15. Bxg7 Kxg7 16. Bd3 Qe5 17. 0-0-0 Nf4 18. Rh4 Nxd3+ 19. cxd3 Rh8 20. f4 Qd4 21. Rdh1 Rxh4 22. Rxh4 Rc8 23. a3 Kf8 24. Rh1 Ke8 25. Rf1 Kd7 26. Kc2 Rc5 27. b4 Rc8 28. f5 gxf5 29. exf5 Ba2 30. g6 fxg6 31. fxg6 Qd5 32. Kb2 Qb3+ 33. Ka1 Qxc3+ 34. Qxc3 Rxc3 35. Kxa2 Rc2+ 36. Kb3 Rg2 37. a4 Rxg6 38. Rf8 a6 39. Rb8 Kc6 40. Rc8+ Kd7 41. Rb8 Kc7 42. Re8 e5 43. Kc4 Rg4+ 44. Kc3 a5 45. Re7+ Kb6 46. bxa5+ Kc6 47. Re8 Rxa4 48. Rc8+ Kd7 49. Rb8 Kc7 50. Ra8 Kc6 51. Rc8+ Kb5 52. Rb8 Ra3+ 53. Kc2 Kc6 54. Rc8+ Kd7 55. Rb8 Kc7 56. Ra8 d5 57. Re8 Kd6 58. Rb8 Kc5 59. Rxb7 Kd4 60. Rb4+ Ke3 61. Rb5 e4 62. dxe4 d4 63. e5 d3+ 64. Kb2 d2 65. Kxa3 d1Q 66. Rb3+ Kd4 0-1

[Event "Callao op"]
[Site "Callao"]
[Date "2007.08.11"]
[Round "4"]
[White "Sanchez, Victor Hugo"]
[Black "Celis Sanchez, Carlos"]
[Result "0-1"]
[WhiteElo "2232"]
[BlackElo "2244"]
[PlyCount "64"]
[EventDate "2007.08.08"]
[EventType "swiss"]
[EventRounds "9"]
[EventCountry "PER"]
[SourceTitle "CBM 119 Extra"]
[Source "ChessBase"]
[SourceDate "2007.09.04"]
[SourceVersion "1"]
[SourceVersionDate "2007.09.04"]
[SourceQuality "1"]

1. d4 Nf6 2. c4 c5 3. d5 b5 4. cxb5 a6 5. b6 d6 6. Nc3 g6 7. e4 Bg7 8. Rb1 Qxb6 9. b3 Qb4 10. Bd2 Nxe4 11. Nxe4 Qxe4+ 12. Be2 Bf5 13. Rc1 Qxd5 14. Nf3 0-0 15. 0-0 Qb7 16. Ng5 Nc6 17. g4 Bd7 18. Bf3 h6 19. Nh3 e5 20. b4 cxb4 21. Be3 Qc7 22. Qd2 Rad8 23. Bxh6 Nd4 24. Bg2 Qb6 25. Be3 Bxg4 26. Ng5 d5 27. h3 Bh5 28. f4 Qb5 29. Bxd4 exd4 30. Rc7 d3 31. Rfc1 Bc3 32. R1xc3 bxc3 0-1

[Event "Loja Feda op"]
[Site "Loja "]
[Date "2006.01.20"]
[Round "1"]
[White "Celis Sanchez, Carlos"]
[Black "Villavicencio, Edgar"]
[Result "1-0"]
[WhiteElo "2260"]
[BlackElo "1896"]
[PlyCount "53"]
[EventDate "2006.01.20"]
[EventType "swiss"]
[EventRounds "9"]
[EventCountry "ECU"]
[SourceTitle "EXT 2007"]
[Source "ChessBase"]
[SourceDate "2006.11.23"]
[SourceVersion "1"]
[SourceVersionDate "2006.11.23"]
[SourceQuality "1"]

1. e4 c5 2. Nf3 Nc6 3. d4 cxd4 4. Nxd4 e5 5. Nb3 Nf6 6. Nc3 Bb4 7. Bc4 d6 8. 0-0 Bxc3 9. bxc3 Bg4 10. f3 Be6 11. Bxe6 fxe6 12. Ba3 d5 13. Qe2 Kf7 14. f4 Re8 15. fxe5 Nxe5 16. Qh5+ Ng6 17. e5 Kg8 18. exf6 gxf6 19. Rf3 e5 20. Rg3 Kg7 21. Rf1 Qb6+ 22. Bc5 Qe6 23. Be3 Qf7 24. Bh6+ Kh8 25. h4 Rac8 26. Qf5 Rg8 27. Bg5 1-0

[Event "Huacho op 2nd"]
[Site "Huacho"]
[Date "2004.09.19"]
[Round "9"]
[White "Alarcon, Walter"]
[Black "Celis Sanchez, Carlos"]
[Result "1/2-1/2"]
[WhiteElo "2150"]
[BlackElo "2261"]
[PlyCount "81"]
[EventDate "2004.09.15"]
[EventType "swiss"]
[EventRounds "9"]
[EventCountry "PER"]
[SourceTitle "CBM 102 Extra"]
[Source "ChessBase"]
[SourceDate "2004.11.03"]
[SourceVersion "1"]
[SourceVersionDate "2004.11.03"]
[SourceQuality "1"]

1. Nf3 g6 2. g3 Bg7 3. Bg2 e5 4. d3 d5 5. 0-0 Ne7 6. e4 d4 7. Nh4 Nec6 8. Bd2 Be6 9. Qc1 Nd7 10. f4 exf4 11. Bxf4 Nde5 12. Nf3 Nxf3+ 13. Bxf3 Ne5 14. Nd2 h5 15. h4 Qe7 16. Nb3 c5 17. Qe1 b6 18. Qf2 0-0 19. Nd2 a5 20. b3 a4 21. Nc4 Qc7 22. Kg2 b5 23. Nxe5 Bxe5 24. Bxe5 Qxe5 25. Qd2 c4 26. bxc4 bxc4 27. Qf4 Ra5 28. Qxe5 Rxe5 29. Rfb1 Ra8 30. Rb4 Rc5 31. Be2 f5 32. exf5 Bxf5 33. Bf3 Raa5 34. Re1 cxd3 35. cxd3 Rc2+ 36. Kg1 Rxa2 37. Re7 Kf8 38. Rc7 Ra1+ 39. Kf2 Ra2+ 40. Kg1 Ra1+ 41. Kh2 1/2-1/2

[Event "Ibarra Grand Prix 8th"]
[Site "Ibarra"]
[Date "2003.10.04"]
[Round "5"]
[White "Celis Sanchez, Carlos"]
[Black "Mendoza, Jose"]
[Result "1-0"]
[WhiteElo "2283"]
[BlackElo "2213"]
[PlyCount "61"]
[EventDate "2003.10.03"]
[EventType "tourn"]
[EventRounds "9"]
[EventCountry "ECU"]
[EventCategory "2"]
[SourceTitle "EXT 2005"]
[Source "ChessBase"]
[SourceDate "2004.11.15"]
[SourceVersion "1"]
[SourceVersionDate "2004.11.15"]
[SourceQuality "1"]

1. e4 c5 2. Nf3 d6 3. d4 cxd4 4. Nxd4 Nf6 5. Nc3 a6 6. Bg5 e6 7. f4 b5 8. Bd3 Bb7 9. Qe2 Qb6 10. Nb3 b4 11. Nb1 Be7 12. N1d2 Qc7 13. 0-0-0 a5 14. Bb5+ Nbd7 15. e5 a4 16. Nd4 b3 17. axb3 a3 18. bxa3 dxe5 19. fxe5 Nd5 20. Bxe7 Kxe7 21. Nc4 Nc3 22. Qe1 Nxd1 23. Qh4+ f6 24. Bxd7 Qxd7 25. Rxd1 Bd5 26. Nb6 Qb7 27. Nxd5+ exd5 28. exf6+ gxf6 29. Re1+ Kf7 30. Qh5+ Kf8 31. Ne6+ 1-0

[Event "Ibarra Grand Prix 8th"]
[Site "Ibarra"]
[Date "2003.10.04"]
[Round "4"]
[White "Vasquez Ramirez, Francis"]
[Black "Celis Sanchez, Carlos"]
[Result "0-1"]
[WhiteElo "2255"]
[BlackElo "2283"]
[PlyCount "55"]
[EventDate "2003.10.03"]
[EventType "tourn"]
[EventRounds "9"]
[EventCountry "ECU"]
[EventCategory "2"]
[SourceTitle "EXT 2005"]
[Source "ChessBase"]
[SourceDate "2004.11.15"]
[SourceVersion "1"]
[SourceVersionDate "2004.11.15"]
[SourceQuality "1"]

1. d4 Nf6 2. c4 c5 3. d5 b5 4. cxb5 a6 5. Nc3 axb5 6. Nxb5 Qa5+ 7. Nc3 g6 8. Bd2 Bg7 9. e4 d6 10. Bb5+ Bd7 11. a4 0-0 12. Nge2 Na6 13. 0-0 Nb4 14. Ra3 Bxb5 15. axb5 Qb6 16. Qb3 Rab8 17. Nc1 Qb7 18. N1a2 Na6 19. Ra1 Nc7 20. Ra5 e6 21. Nc1 exd5 22. Ra7 Qb6 23. exd5 Ng4 24. R1a6 Nxa6 25. Rxa6 Qxa6 26. bxa6 Rxb3 27. Nxb3 Ra8 28. h3 0-1

[Event "Ibarra Grand Prix 8th"]
[Site "Ibarra"]
[Date "2003.10.03"]
[Round "1"]
[White "Pazos Gambarrotti, Plinio Efrain"]
[Black "Celis Sanchez, Carlos"]
[Result "1-0"]
[WhiteElo "2353"]
[BlackElo "2283"]
[PlyCount "65"]
[EventDate "2003.10.03"]
[EventType "tourn"]
[EventRounds "9"]
[EventCountry "ECU"]
[EventCategory "2"]
[SourceTitle "EXT 2005"]
[Source "ChessBase"]
[SourceDate "2004.11.15"]
[SourceVersion "1"]
[SourceVersionDate "2004.11.15"]
[SourceQuality "1"]

1. d4 Nf6 2. c4 g6 3. Nc3 Bg7 4. e4 0-0 5. Nge2 d6 6. Ng3 c5 7. d5 e6 8. Be2 exd5 9. exd5 Na6 10. 0-0 Nc7 11. a4 b6 12. Re1 Re8 13. Bf4 h6 14. Qd2 Kh7 15. Bd3 a6 16. Nce4 Nxe4 17. Nxe4 Be5 18. a5 f5 19. axb6 fxe4 20. bxc7 Qxc7 21. Bxe4 Rb8 22. Bxe5 Rxe5 23. f4 Re7 24. Qc2 Rg7 25. f5 gxf5 26. Bxf5+ Bxf5 27. Qxf5+ Kh8 28. Re6 Qf7 29. Rxh6+ Kg8 30. Qh3 Rh7 31. Rxh7 Qxh7 32. Qxh7+ Kxh7 33. Rxa6 1-0

[Event "Najdorf Memorial op"]
[Site "Buenos Aires"]
[Date "2002.09.29"]
[Round "8.10"]
[White "Converset, Juan Jose"]
[Black "Celis Sanchez, Carlos"]
[Result "0-1"]
[WhiteElo "2236"]
[BlackElo "2335"]
[PlyCount "90"]
[EventDate "2002.09.23"]
[EventType "swiss"]
[EventRounds "8"]
[EventCountry "ARG"]
[SourceTitle "CBM 090 Extra"]
[Source "ChessBase"]
[SourceDate "2002.11.07"]
[SourceVersion "1"]
[SourceVersionDate "2002.11.07"]
[SourceQuality "1"]

1. e4 d6 2. d4 Nf6 3. Nc3 g6 4. h3 Bg7 5. Be3 0-0 6. g4 c5 7. Nge2 Nc6 8. Bg2 cxd4 9. Nxd4 Bd7 10. 0-0 Ne5 11. b3 Rc8 12. Nd5 e6 13. Nxf6+ Bxf6 14. c4 a6 15. Qe2 Qc7 16. Rac1 b6 17. Rfd1 Rfd8 18. Qd2 Be8 19. Ne2 Rb8 20. Bd4 Bc6 21. Qb2 Be7 22. a4 Nd7 23. Nc3 Nc5 24. f4 Qb7 25. Qc2 a5 26. Rb1 Qc7 27. Qf2 e5 28. Be3 exf4 29. Qxf4 Ne6 30. Qf2 Re8 31. Rf1 Bf8 32. e5 Bxg2 33. Qxg2 Bg7 34. Nd5 Qd8 35. exd6 Qxd6 36. Rbd1 Qa3 37. Qf3 Qxb3 38. Qxf7+ Kh8 39. Qf2 Qxc4 40. Nxb6 Qb3 41. Nd7 Rbc8 42. Rd2 Re7 43. Rfd1 Rce8 44. Nc5 Nxc5 45. Bxc5 Re4 0-1

[Event "Najdorf Memorial op"]
[Site "Buenos Aires"]
[Date "2002.09.27"]
[Round "5.12"]
[White "Celis Sanchez, Carlos"]
[Black "Muniz, Rafael"]
[Result "1-0"]
[WhiteElo "2335"]
[BlackElo "2215"]
[PlyCount "69"]
[EventDate "2002.09.23"]
[EventType "swiss"]
[EventRounds "8"]
[EventCountry "ARG"]
[SourceTitle "CBM 090 Extra"]
[Source "ChessBase"]
[SourceDate "2002.11.07"]
[SourceVersion "1"]
[SourceVersionDate "2002.11.07"]
[SourceQuality "1"]

1. e4 c5 2. Nf3 Nc6 3. Bb5 Qb6 4. Nc3 e6 5. 0-0 Nd4 6. Bc4 Ne7 7. Re1 Ng6 8. d3 a6 9. a4 Bd6 10. Nxd4 cxd4 11. Nb1 Qc7 12. g3 h5 13. f4 h4 14. Rf1 hxg3 15. hxg3 b6 16. Qg4 Bb7 17. Nd2 0-0-0 18. Nf3 Kb8 19. Bb3 Rh7 20. Nxd4 Rdh8 21. c3 Ne7 22. Kf2 f5 23. Qf3 Rh2+ 24. Ke1 g5 25. Ne2 Bc5 26. fxg5 fxe4 27. dxe4 Ng6 28. Bf4 e5 29. Bd2 Rf8 30. Bf7 Rh7 31. Bxg6 Rxf3 32. Rxf3 Rg7 33. Rf6 Be7 34. Rf7 Rxg6 35. Rxe7 1-0

[Event "Najdorf Memorial op"]
[Site "Buenos Aires"]
[Date "2002.09.23"]
[Round "1.17"]
[White "Celis Sanchez, Carlos"]
[Black "Maucci, Luis Marcelo"]
[Result "1-0"]
[WhiteElo "2335"]
[BlackElo "2040"]
[PlyCount "63"]
[EventDate "2002.09.23"]
[EventType "swiss"]
[EventRounds "8"]
[EventCountry "ARG"]
[SourceTitle "CBM 090 Extra"]
[Source "ChessBase"]
[SourceDate "2002.11.07"]
[SourceVersion "1"]
[SourceVersionDate "2002.11.07"]
[SourceQuality "1"]

1. e4 c5 2. Nf3 Nf6 3. Nc3 Nc6 4. g3 d5 5. exd5 Nxd5 6. Bg2 g6 7. 0-0 Bg7 8. Ne4 Qb6 9. Re1 0-0 10. d3 Nf6 11. c3 Rd8 12. Qc2 Bf5 13. Be3 Nxe4 14. dxe4 Bg4 15. b4 Rac8 16. bxc5 Qa5 17. Rec1 Rd7 18. h3 Be6 19. Bf1 h6 20. a4 Rcd8 21. Rab1 Qc7 22. Rb5 Qc8 23. Kh2 a6 24. Rb6 Na5 25. Rxe6 fxe6 26. e5 Rf8 27. Nd4 Rd5 28. Qxg6 Rxe5 29. Bxh6 Rxf2+ 30. Kg1 Rf7 31. Bd3 Ref5 32. Nxe6 1-0

[Event "PER-ch"]
[Site "Lima"]
[Date "1999.??.??"]
[Round "5"]
[White "Celis Sanchez, Carlos"]
[Black "Alarcon, Ruy"]
[Result "1/2-1/2"]
[WhiteElo "2370"]
[BlackElo "2210"]
[PlyCount "125"]
[EventDate "1999.02.??"]
[EventType "swiss"]
[EventRounds "9"]
[EventCountry "PER"]
[SourceTitle "CBM 073 Extra"]
[Source "ChessBase"]
[SourceDate "2000.01.11"]
[SourceVersion "1"]
[SourceVersionDate "2000.01.11"]
[SourceQuality "1"]

1. e4 c5 2. Nf3 e6 3. Nc3 Nc6 4. g3 a6 5. Bg2 Nf6 6. 0-0 d6 7. d4 cxd4 8. Nxd4 Qc7 9. Re1 Be7 10. Nxc6 bxc6 11. Na4 0-0 12. c4 Nd7 13. Bf4 e5 14. Be3 Rb8 15. b3 Nf6 16. h3 g6 17. Qc2 Be6 18. Rad1 Rfd8 19. f4 exf4 20. gxf4 c5 21. f5 Bc8 22. Nc3 Bb7 23. Rf1 Nh5 24. Qf2 Bf6 25. Nd5 Bxd5 26. Rxd5 Be5 27. Rfd1 Qe7 28. Bf3 Nf4 29. Bxf4 Bxf4 30. Kh1 Be5 31. Bg2 Qg5 32. R5d3 a5 33. Rf1 f6 34. h4 Qg4 35. Rh3 Rd7 36. Qd2 a4 37. Qd5+ Kh8 38. fxg6 Qxg6 39. h5 Qg4 40. h6 Rg8 41. Qd2 axb3 42. axb3 Rg5 43. Qf2 Rd8 44. Qf3 Rdg8 45. Qxg4 Rxg4 46. Bf3 Rg3 47. Rh4 R8g5 48. Rh2 Kg8 49. Rh4 Kf8 50. Rh2 Ke7 51. Rh4 Kd7 52. Rh2 Kc7 53. Rh4 Kb6 54. Bh5 Ka5 55. Bf7 Kb4 56. Be6 Rxb3 57. Rg1 Bd4 58. Rf1 Be5 59. Rg1 Bd4 60. Rf1 Be5 61. Rg1 Bd4 62. Rf1 Be5 63. Rg1 1/2-1/2

[Event "Miraflores"]
[Site "Miraflores"]
[Date "1993.07.??"]
[Round "8"]
[White "Celis Sanchez, Carlos"]
[Black "Del Rey, Diego"]
[Result "1-0"]
[WhiteElo "2395"]
[BlackElo "2380"]
[PlyCount "77"]
[EventDate "1993.??.??"]
[EventType "tourn"]
[EventRounds "11"]
[EventCountry "PER"]
[EventCategory "4"]
[SourceTitle "EXT 1999"]
[Source "ChessBase"]
[SourceDate "1998.11.16"]
[SourceVersion "1"]
[SourceVersionDate "1998.11.16"]
[SourceQuality "1"]

1. e4 c5 2. Nf3 Nc6 3. b3 e5 4. Bb2 d6 5. Bb5 Bd7 6. 0-0 Nf6 7. Re1 Be7 8. c3 0-0 9. d4 Qc7 10. d5 Nb8 11. Bd3 g6 12. Bc1 Ne8 13. Bh6 Ng7 14. Nbd2 Qd8 15. b4 cxb4 16. cxb4 f5 17. Qb3 Rf7 18. Bxg7 Kxg7 19. b5 f4 20. Nc4 Bc8 21. Ncxe5 dxe5 22. Nxe5 Rf8 23. Nc4 Nd7 24. d6 Bg5 25. Qc3+ Kh6 26. e5 Nc5 27. Qd4 Ne6 28. Qc3 Bd7 29. a4 Rc8 30. Bf1 Nc5 31. Qb4 Be6 32. Rad1 Nd7 33. a5 Rc5 34. Rd4 Bxc4 35. Rxc4 Rxe5 36. Rec1 f3 37. R1c2 b6 38. h4 fxg2 39. hxg5+ 1-0

[Event "Miraflores"]
[Site "Miraflores"]
[Date "1993.??.??"]
[Round "7"]
[White "Aguilar, Juan"]
[Black "Celis Sanchez, Carlos"]
[Result "1/2-1/2"]
[WhiteElo "2315"]
[BlackElo "2395"]
[PlyCount "86"]
[EventDate "1993.??.??"]
[EventType "tourn"]
[EventRounds "11"]
[EventCountry "PER"]
[EventCategory "4"]
[SourceTitle "EXT 1999"]
[Source "ChessBase"]
[SourceDate "1998.11.16"]
[SourceVersion "1"]
[SourceVersionDate "1998.11.16"]
[SourceQuality "1"]

1. e4 d6 2. d4 g6 3. Nc3 Bg7 4. f4 c6 5. Be3 Nf6 6. Nf3 b5 7. a3 0-0 8. Bd3 Ng4 9. Bg1 Bb7 10. Qd2 Nd7 11. h3 Ngf6 12. e5 Ne8 13. Nd1 Nc7 14. Ne3 c5 15. c3 Bxf3 16. gxf3 dxe5 17. fxe5 cxd4 18. cxd4 Nb6 19. Be4 Nbd5 20. Nxd5 Nxd5 21. Bf2 e6 22. 0-0 f5 23. exf6 Qxf6 24. Kh2 Rad8 25. Rac1 Nf4 26. Rg1 g5 27. Rc5 Qh6 28. Rg3 e5 29. Qb4 g4 30. Qd2 exd4 31. Rxg4 Qxh3+ 32. Kg1 Qxg4+ 33. fxg4 Nh3+ 34. Kg2 Rxf2+ 35. Qxf2 Nxf2 36. Kxf2 d3 37. Rd5 Rxd5 38. Bxd5+ Kf8 39. b3 Bb2 40. Be4 d2 41. Ke2 Bxa3 42. Kxd2 h6 43. Bc6 b4 1/2-1/2

[Event "Miraflores"]
[Site "Miraflores"]
[Date "1993.??.??"]
[Round "9"]
[White "Bravo Sedamanos, Hector"]
[Black "Celis Sanchez, Carlos"]
[Result "1-0"]
[WhiteElo "2300"]
[BlackElo "2395"]
[PlyCount "95"]
[EventDate "1993.??.??"]
[EventType "tourn"]
[EventRounds "11"]
[EventCountry "PER"]
[EventCategory "4"]
[SourceTitle "EXT 1999"]
[Source "ChessBase"]
[SourceDate "1998.11.16"]
[SourceVersion "1"]
[SourceVersionDate "1998.11.16"]
[SourceQuality "1"]

1. e4 g6 2. d4 Bg7 3. Nf3 d6 4. Be2 Nc6 5. d5 Nb8 6. 0-0 Nf6 7. Nc3 c5 8. Nd2 0-0 9. f4 e6 10. Nc4 exd5 11. exd5 Re8 12. h3 Na6 13. Bf3 Nc7 14. a4 b6 15. Kh2 Ba6 16. Qd3 Qd7 17. Rg1 Bxc4 18. Qxc4 a6 19. Qd3 b5 20. axb5 axb5 21. Rxa8 Rxa8 22. Ne2 Re8 23. Ng3 h5 24. Nf1 c4 25. Qd1 Qe7 26. g3 Ne4 27. Rg2 f5 28. Re2 Qf7 29. Ne3 Ra8 30. Bxe4 fxe4 31. c3 Ra1 32. Nc2 Ra8 33. Nb4 Re8 34. Be3 h4 35. g4 g5 36. f5 Be5+ 37. Kg2 Bf4 38. Qd2 Bxe3 39. Qxe3 Qf6 40. Re1 Kf7 41. Ra1 Qe5 42. Ra7 Qe7 43. Nc6 Qd7 44. Qxg5 e3 45. Kf1 e2+ 46. Ke1 Rh8 47. Qg6+ Kf8 48. Qf6+ 1-0